[Event "Titled Tuesday intern op 7th Mar Late"]
[Site "Chess.com INT"]
[Date "2023.03.07"]
[Round "1"]
[White "Riff, Vincent"]
[Black "Lenoir Ibacache, Gabriel Alberto"]
[Result "0-1"]
[WhiteElo "2383"]
[BlackElo "2225"]
[PlyCount "104"]
[EventDate "2023.03.07"]
[EventType "swiss (blitz)"]
[EventRounds "11"]
[EventCountry "USA"]
[SourceTitle "EXT 2024"]
[Source "ChessBase"]
[SourceDate "2023.10.10"]
[SourceVersion "1"]
[SourceVersionDate "2023.10.10"]
[SourceQuality "1"]

1. e4 c5 2. Nc3 d6 3. Nf3 a6 4. g3 Nc6 5. Bg2 g6 6. d4 cxd4 7. Nxd4 Bg7 8. Be3 Nf6 9. h3 0-0 10. 0-0 Bd7 11. Nb3 Rc8 12. a4 Ne5 13. Nd2 b5 14. axb5 axb5 15. f4 Nc4 16. Nxc4 bxc4 17. Ra7 Bc6 18. Bd4 Ra8 19. Qa1 Qb8 20. e5 Bxg2 21. exf6 Bxf6 22. Kxg2 Bxd4 23. Rxa8 Qxa8+ 24. Qxa8 Rxa8 25. Nd5 e6 26. Rd1 Bc5 27. Nf6+ Kg7 28. Ne4 Ra2 29. Rb1 Bb4 30. c3 d5 31. cxb4 dxe4 32. Kf1 Ra4 33. Ke2 Rxb4 34. Ke3 c3 35. b3 c2 36. Rc1 Rxb3+ 37. Kxe4 Rxg3 38. Rxc2 Rxh3 39. Rc7 Ra3 40. Rb7 h5 41. Rb8 Kf6 42. Rh8 Ra4+ 43. Ke3 Kf5 44. Rf8 f6 45. Rb8 Ra3+ 46. Kf2 Kxf4 47. Rb4+ Kf5 48. Kg2 e5 49. Kh2 g5 50. Rb2 h4 51. Rf2+ Kg6 52. Rf3 Rxf3 0-1